| 000 | 00812cam a22002292 4500 | ||
|---|---|---|---|
| 001 | 0000006030 | ||
| 005 | 20151217145828.0 | ||
| 008 | 070912s xx 000 0 eng d | ||
| 020 |
_a0070618364 : _cKES 1,850 |
||
| 040 |
_aKABU _cKABU |
||
| 100 | 1 |
_aPetersen, Richard L. _@0000157387 |
|
| 245 | 1 | 0 |
_aRed Hat enterprise Linux and Fedora Core 4 : _bthe complete reference / _cRichard L. Petersen. |
| 260 |
_aNew Delhi : _bTata McGraw-Hill, _c2006. |
||
| 300 |
_axxxix, 927 p. + _e1 cd-rom. |
||
| 650 | 0 |
_aLinux. _@0000148390 |
|
| 650 | 0 |
_aOperating systems (Computers) _@0000146540 |
|
| 908 | _a070912 | ||
| 950 | _@1 | ||
| 999 |
_c3028 _d3028 |
||